000 00395nam a2200157Ia 4500
008 230917s9999||||xx |||||||||||||| ||und||
040 _e183308
_aMAIN
041 _aEnglish
082 _a342 K48A
100 _aKesari, U.P.D.
245 0 _aLectures on Administrative law
250 _a18th ed.
260 _aAllahabad
_bCentral Law Pyblications
_c2010
300 _axi, 572 p.
942 _cBK
999 _c161544
_d161544